000
00312nam a22001457a 4500
008
231124b ||||| |||| 00| 0 eng d
020
_a
0934659087
041
_a
eng
080
_a
618
082
_a
618FRE
100
_a
15
101
_a
GJINEK
245
_a
ABORTIN HANBOOK
_c
FREDERICK .A
942
_2
udc
_c
BK
999
_c
60519
_d
60519